00636nam a2200157Ia 4500008004000000082001500040100002700055245009800082260003200180300001400212650002000226690002200246906001100268999001900279952018000298210210b2005 xxu||||| |||| 00| 0 eng d a351.3 BRIC aBRIGHT (Pritam Singh). aCareer's general studies: objective type multiple choice for civil services preliminary exam. aDelhibBright Careersc2005 axvi,56... aGeneral studies aGeneral Knowledge a059807 c106842d106842 001040708Political ScienceaALbALcPolitical Scienced2021-02-17eHigginbothams (P) Ltd., Mangalore 01.g695.00l0o351.3 BRICp059807r2021-02-17 00:00:00w2021-02-17yBK